Miasta Polski z największą liczbą dzieci - Statystyki

Ogólne statystyki
  • Ten quiz został rozwiązany 61 razy
  • Średni wynik to 14 z 15
Statystyki odpowiedzi
Liczba dzieci Miasto % Poprawnych
69 206 Gdańsk
100%
113 141 Kraków
100%
81 027 Łódź
100%
279 431 Warszawa
100%
92 589 Wrocław
98%
70 830 Poznań
95%
33 763 Katowice
93%
47 112 Lublin
93%
51 209 Szczecin
93%
43 628 Białystok
91%
31 476 Gdynia
91%
41 842 Bydgoszcz
86%
32 024 Rzeszów
81%
26 342 Toruń
79%
26 968 Radom
72%
Nie znaleziono quizów pasujących do podanych kryteriów
Rozkład punktacji
Procent ludzi z każdym wynikiem
Percentyl według liczby udzielonych odpowiedzi
Twoja historia wyników
Nie rozwiązałeś tego quizu